|
|
|
|
| LEADER |
01362nam a2200301 a 4500 |
| 001 |
100 |
| 003 |
BD-DhAAL |
| 005 |
20150620085521.0 |
| 008 |
150620s1989 ilu b 100 0 eng |
| 010 |
|
|
|a 89045148
|
| 020 |
|
|
|a 0897074327
|
| 040 |
|
|
|a DLC
|c DLC
|d DLC
|d BD-DhAAL
|
| 050 |
0 |
0 |
|a KF1290.A8
|b N38 1988
|
| 082 |
0 |
0 |
|a 346.7303/22
|a 347.306322
|2 20
|
| 111 |
2 |
|
|a National Institute on Crash Cases
|d (1988 :
|c Boston, Mass.)
|9 12267
|
| 245 |
1 |
0 |
|a Crash cases :
|b a guide to vehicle collision litigation : drawn from papers presented at the National Institute on Crash Cases, April 1988, Boston, Massachusetts.
|
| 260 |
|
|
|a [Chicago, Ill.] :
|b Tort and Insurance Practice Section, American Bar Association,
|c c1989.
|
| 300 |
|
|
|a iii, 343 p. ;
|c 28 cm.
|
| 504 |
|
|
|a Includes bibliographical references.
|
| 541 |
|
|
|e 100
|
| 650 |
|
0 |
|a Liability for traffic accidents
|z United States.
|9 12268
|
| 650 |
|
0 |
|a Evidence, Expert
|z United States.
|9 12269
|
| 650 |
|
0 |
|a Traffic accidents
|z United States.
|9 12270
|
| 650 |
|
0 |
|a Actions and defenses
|z United States.
|9 12271
|
| 710 |
2 |
|
|a American Bar Association.
|b Tort and Insurance Practice Section.
|9 12272
|
| 942 |
|
|
|2 ddc
|c BK
|
| 999 |
|
|
|c 34778
|d 34778
|
| 952 |
|
|
|0 0
|1 0
|2 ddc
|4 0
|6 346_730322000000000_CRA
|7 0
|9 54403
|a SCL
|b SCL
|c GEN
|d 2015-06-20
|e Gift: The Asia Foundation
|l 0
|o 346.730322 CRA
|p 3020000100
|r 2015-06-20
|t 1
|w 2015-06-20
|y BK
|